| 000 | 00505nam a2200169Ia 4500 | ||
|---|---|---|---|
| 999 |
_c22596 _d22596 |
||
| 003 | OSt | ||
| 005 | 20200211155211.0 | ||
| 008 | 190216s9999||||xx |||||||||||||| ||und|| | ||
| 040 | _coclc | ||
| 082 |
_a297.63 _bPAS/M |
||
| 100 |
_aPasha, N K Musthafa Kamal _91889 |
||
| 245 | 0 |
_aMuhamed Nabi Jeeva Charithram / _cMusthafa Kamal Pasha |
|
| 260 |
_bHikayath Book Stall, _aTirungadi: |
||
| 300 | _a314p | ||
| 650 | _aIslamic History | ||
| 942 |
_cBK _2ddc _h297.63 _iPAS/M _k297.63 _mPAS/M |
||